1027 1781 1795 1162 1305 1713 1906 1731 1422 1995 1104 1483 1275 1036 1625 1680 1967 1734 1088 1590 1699 1421 1251 1705 1536 1369 1174 1575 1225 1789 1596 1503 1929 1322 1133 1411 1215 1436 1984 1139 1840 1159 1360 1463 1345 1436 1719 1502 1175 1665 1737 1140 1909 1417 1717 1411 1064 1570 1304 1010 1284 1590 1384 1651 1916 1869 1392 1604 1586 1192 1578 1860 1173 1067 1463 1127 1524 1750 1808 1468 1718 1376 1346 1410 1000 1236 1205 1220 1526 1856 1365 1736 1700 1797 1887 1231 1602 1714 1587 BCNSPRNW ULIB Ver.6.0+V

เปลี่ยนเป็นภาษาไทย

Change to English
 แสดงรายละเอียดบรรณานุกรม
  กลับหน้าหลัก

Brief Record : Get Marc (ISO 2709) : E-mail record : QR code < ปิดหน้าต่าง
LEADER : 00000nam 2200000uu 4500
001    13399111212
003     ULIB
008    110620s||||||||th 000 0 tha d
020    9789741089093
050  4 BF637^bว763B 2551
100 0  วิศิษฐ์ ศรีพิบูลย์
245 10 ภาษากายพิชิตหัวใจ =^bBody language /^cวิศิษฐ์ ศรีพิบูลย์
246 31 Body language
250    พิมพ์ครั้งที่ 1
260    กรุงเทพฯ :^bบานานา สวีท,^c2551
300    131 หน้า :^bภาพประกอบ ;^c21 ซม.
650  7 ภาษาท่าทาง
650  7 การสื่อสาร
945    ^p120^l0^i026054
945    ^p120^l0^i026053
945    ^p120^l0^i026052
945    ^p120^l0^i024964
945    ^p120^l0^i024963
995    ทศพร
999 ^a ใช้งานได้ทุกระบบ
รายการนี้ยังไม่มีแท็ก
คุณยังไม่ได้ล็อกอิน คุณสามารถมีกิจกรรมร่วมกับเว็บไซต์ได้ แต่ต้องล็อกอินก่อน ::
  ล็อกอิน

รายการสื่อสารสนเทศ

ลำดับที่ ประเภท เลขเรียก/บาร์โค้ด สถานที่ สถานะ
- ไม่พบข้อมูล -

รายการใกล้เคียง
    ผู้แต่ง [วิศิษฐ์ ศรีพิบูลย์]

    หัวเรื่อง [ภาษาท่าทาง]
    หัวเรื่อง [การสื่อสาร]

BibComment


ยังไม่เคยถูกคอมเมนท์

คอมเมนท์ทรัพยากรรายการนี้
  คอมเมนท์: ภาษากายพิชิตหัวใจ..


 Copyright 2026. Bcnsprnw @Library